| 000 | 00471nam a2200181Ia 4500 | ||
|---|---|---|---|
| 008 | 120817t2004 xxu||||| |||| 00| 0 sin d | ||
| 041 | _asin | ||
| 080 |
_a8-31 (eng) _bLEE |
||
| 100 | _aBoulle,Pierre | ||
| 245 | _aක්වායි ගගේ පාලම | ||
| 246 | _aKwai Gage Palama | ||
| 260 |
_aSooriya _aColombo _c2004 |
||
| 300 | _b190p, 21 cm | ||
| 700 |
_aHewawasam,Abhaya _etr. |
||
| 942 | _cBK | ||
| 999 |
_c40918 _d40918 |
||
| 003 | LK-CoDNM | ||
| 040 |
_aLK-CoDNM _dLK-CoDNM _eLK-CoDNM |
||